Return of ramhog: Did to review and sell the aromatic ingenious paddy variety has led to substantial profits for farmers in Uttar Pradesh’s Terai region (Record no. 528835)

000 -LEADER
fixed length control field 00452nam a22001217a 4500
008 - FIXED-LENGTH DATA ELEMENTS--GENERAL INFORMATION
fixed length control field 250127b ||||| |||| 00| 0 eng d
100 ## - MAIN ENTRY--PERSONAL NAME
Personal name Mishra, Vivek
245 ## - TITLE STATEMENT
Title Return of ramhog: Did to review and sell the aromatic ingenious paddy variety has led to substantial profits for farmers in Uttar Pradesh’s Terai region
260 ## - PUBLICATION, DISTRIBUTION, ETC. (IMPRINT)
Place of publication, distribution, etc Down to Earth
300 ## - PHYSICAL DESCRIPTION
Extent 20(15), Dec 16-31, 2024: p.18-20
773 ## - HOST ITEM ENTRY
Main entry heading Down to Earth
942 ## - ADDED ENTRY ELEMENTS (KOHA)
Item type Articles
Holdings
Withdrawn status Lost status Source of classification or shelving scheme Damaged status Not for loan Permanent location Current location Date acquired Serial Enumeration / chronology Barcode Date last seen Koha item type
          Indian Institute of Public Administration Indian Institute of Public Administration 2025-01-27 20(15), Dec 16-31, 2024: p.18-20 AR135029 2025-01-27 Articles

Powered by Koha